000
00182nam a2200073Ia 4500
008
170817s9999 xx 000 0 und d
100
_a
BHATNAGAR
245
0
_a
SIKSHA MANOVIGAYAN
260
_b
INTER NATIONAL PUB.MEERUT
999
_c
36364
_d
36364